70 (seventy) years of India's independence / (Record no. 151133)

MARC details
000 -LEADER
fixed length control field 00597nam a22001815a 4500
005 - DATE AND TIME OF LATEST TRANSACTION
control field 20180412152744.0
010 ## - LCCN (DPL NO)
LC control number B-690766-767
020 ## - INTERNATIONAL STANDARD BOOK NUMBER
International Standard Book Number 9788170495338
Terms of availability 995.00
035 ## - SYSTEM CONTROL NUMBER
System control number B-690766-767
082 ## - DEWEY DECIMAL CLASSIFICATION NUMBER
Classification number 954.04
100 ## - MAIN ENTRY--PERSONAL NAME
Personal name Vittal. N
245 ## - TITLE STATEMENT
Title 70 (seventy) years of India's independence /
Statement of responsibility, etc by N.Vittal
260 ## - PUBLICATION, DISTRIBUTION, ETC. (IMPRINT)
Place of publication, distribution, etc New Delhi :
Name of publisher, distributor, etc Manas Publications,
Date of publication, distribution, etc 2017
300 ## - PHYSICAL DESCRIPTION
Extent 239p. ;
Dimensions 22cm(Hb)
500 ## - GENERAL NOTE
General note Balidani
942 ## - ADDED ENTRY ELEMENTS (KOHA)
Source of classification or shelving scheme Dewey Decimal Classification
Item type English Books
Call number suffix VIT
Classification part 954.04
Holdings
Withdrawn status Lost status Not for loan Collection code Home library Current library Date acquired Source of acquisition Cost, normal purchase price Full call number Barcode Copy number Cost, replacement price Koha item type Public note
      Non-fiction Central Library Central Library 12/04/2018 Manas /MP-145/06.03.2018/791/19.03.2018/09.03.2018 995.00 954.04 VIT B-690766 1 995.00 English Books Balidani
      Non-fiction Sarojini Nagar Sarojini Nagar 12/04/2018 Manas /MP-145/06.03.2018/791/19.03.2018/09.03.2018 995.00 954.04 VIT B-690767 1 995.00 English Books Balidani

© Delhi Public Library
Hit Counter
free hit counter